| 000 | 009310000a22002650004500 | ||
|---|---|---|---|
| 003 | LK-CoMWRAF | ||
| 005 | 20231030123215.0 | ||
| 008 | 230817t2008 ||||| |||| 00| 0 eng d | ||
| 020 | _a9789559021605 | ||
| 040 |
_aLK-CoMWRAF _dLK-CoMWRAF _eLK-CoMWRAF |
||
| 041 | _aeng | ||
| 082 |
_a338.9 _bDEV |
||
| 245 |
_aDevelopment perspectives, growth and equity in Sri Lanka : _ba festschrift in honour of W.D. Lakshman |
||
| 260 |
_aColombo: _bDepartment of Economics, University of Colombo, _c2008 |
||
| 300 |
_axvii, 393 p. : ill. ; 25 cm. _bIndex included |
||
| 650 | _aECONOMIC INDICATORS-Sri Lanka | ||
| 650 | _aEconomic forecasting | ||
| 650 | _aEconomic conditions -- 20th century- Sri Lanka | ||
| 650 | _aEconomic conditions -21st century- Sri Lanka | ||
| 650 | _aEconomic policy-Sri Lanka | ||
| 700 |
_aSenanayake,, S.M.P. _eed. |
||
| 700 |
_aWimalaratana, W. _eed. |
||
| 700 |
_aDe Silva, Amala _eed. |
||
| 942 | _cBK | ||
| 999 |
_c2219 _d2219 |
||